The Neoliberal Disorder /

Đã lưu trong:
Chi tiết về thư mục
Tác giả chính: MacEwan, Arthur
Định dạng: Texto
Những chủ đề:
Các nhãn: Thêm thẻ
Không có thẻ, Là người đầu tiên thẻ bản ghi này!

MARC

LEADER 00000 a a2200000 04500
001 9947
003
040
100 |a MacEwan, Arthur  
245 |a The Neoliberal Disorder /  |c Arthur MacEwan 
650 |a TLC  
650 |a POLITICA ECONOMICA  
650 |a POLITICA DE DEFENSA  
650 |a COMPETENCIA DESLEAL  
650 |a PARTIDOS POLITICOS  
773 |g volumen 35, número 3; páginas 27-31  
999 |c 39901  |d 39901